000 00373pab a2200145 454500
008 180718b1996 xxu||||| |||| 00| 0 eng d
100 _aLieten, G.K.
245 _aHindu communalism
_bbetween caste and class.
260 _c1996
300 _ap.236-52
650 _aCommunalism - India
650 _aCommunalism
773 _aJournal of Contemporary Asia
909 _a31257
999 _c31257
_d31257